Africa V.S. The Americas #1 - Statistics

General Stats
  • This quiz has been taken 12 times
  • The average score is 9 of 12
Answer Stats
Question Answer % Correct
Population Mozambique
100%
Area Mozambique
100%
GDP Per Capita Uruguay
100%
Less Dangerous Uruguay
100%
Higher Life Expectancy Uruguay
100%
Heaven For Wildlife-Watchers Mozambique
91%
Happier Uruguay
91%
Winner?
73%
Older (By Establishment Date) Uruguay
64%
Military Strength Uruguay
55%
Has The World’s Longest National Anthem Uruguay
36%
Bigger Capital Uruguay
27%
No matching quizzes found
Score Distribution
Percent of People with Each Score
Percentile by Number Answered
Your Score History
You have not taken this quiz